LEADER 00955nam0-2200325---450- 001 990009901070403321 005 20141111120255.0 010 $a978-88-207-5907-0 035 $a000990107 035 $aFED01000990107 035 $a(Aleph)000990107FED01 035 $a000990107 100 $a20141002d2012----km-y0itay50------ba 101 0 $aita 102 $aIT 105 $a--------001yy 200 1 $aRi - nascere$enonne e nonni domani$elegami intergenerazionali nella società complessa$fCristiana Ottaviano 210 $aNapoli$cLiguori editore$d2012 215 $a187 p.$ctab.$d20 cm 225 1 $aTeorie & oggetti delle scienze sociali$v39 610 0 $aAnziani$aAspetti sociali 676 $a305.26$v22$zita 700 1$aOttaviano,$bCristiana$0486894 801 0$aIT$bUNINA$gRICA$2UNIMARC 901 $aBK 912 $a990009901070403321 952 $a305.26 OTT 1$fBFS 959 $aBFS 996 $aRi - nascere$9828555 997 $aUNINA LEADER 01317nam a2200325 i 4500 001 991000800869707536 005 20020506123919.0 008 951220s1990 us ||| | eng 035 $ab10131425-39ule_inst 035 $aLE00637072$9ExL 040 $aDip.to Fisica$bita 084 $a52.9.58 084 $a53.2.4 084 $a522'.2 084 $aQB88 111 2 $aInternational Conference on advanced technology optical telescopes IV <1982 ; Tucson, Arizona>$0461000 245 10$aAdvanced technology optical telescopes IV :$bproceedings of the International Conference held at Tucson, Arizona, March 11-13, 1982 /$cedited by L. Barr 260 $aBellingham :$bSPIE,$c1990 300 $a2 v. :$bill. ;$c28 cm. 490 0 $aSPIE Proceedings ;$v1236 650 4$aTelescopes 700 1 $aBarr, L. 710 2 $aSPIE 907 $a.b10131425$b17-02-17$c27-06-02 912 $a991000800869707536 945 $aLE006 52.9.57+52.9.58 BAR$cPart 2$g1$i2006000029582$lle006$o-$pE0.00$q-$rl$s- $t0$u0$v0$w0$x0$y.i1015372x$z27-06-02 945 $aLE006 52.9.57+52.9.58 BAR$cPart 1$g1$i2006000029599$lle006$o-$pE0.00$q-$rl$s- $t0$u0$v0$w0$x0$y.i10153731$z27-06-02 996 $aAdvanced technology optical telescopes IV$9186117 997 $aUNISALENTO 998 $ale006$b01-01-95$cm$da $e-$feng$gus $h0$i2